000 00244nam a2200109Ia 4500
008 220204s9999 xx 000 0 und d
082 _a82-3
_bDIC
100 _aPhilip K
245 0 _aSolar lottery
260 _aLondon
_bArrow
_c1972
942 _cBK
999 _c24355
_d24355